000 01450nam a22001817a 4500
003 IT-RoPau
005 20220918175941.0
008 130209b xxu||||| |||| 00| 0 eng d
040 _cIT-RoPau
100 _aSgarbossa, Eliseo
_9400
245 _aRiccardo Andrea Borello.
_bUna vita donata sulle strade del Vangelo.
250 _aI
260 _aRoma
_bPostulazione Generale della SSP
_c1990
300 _a79 p.
_c21 cm
490 _aSocietà San Paolo
_vI
520 _aIndice Al lettore 1. Che significa essere "orfani di guerra" 2. La scuola di una madre 3. Un ragazzo negli "anni ruggenti" 4. L'eredità più preziosa 5. Il fascino di Maggiorino Vigolungo 6. Nel campo di Dio 7. In divisa 8. Novizio della Città eterna 9. Quanto pesa la carta 10. I sandali dell'Apostolo e la guerra 11. " Tra lo spago e la bandiera..." 12. Apprendisti e discepoli 13. " Un apostolo non sta mai in ozio" 14. Rispettando le priorità 15. Studiare: perché? 16. " Essere più furbi del diavolo" 17. Un amico fraterno 18. Passegiate "in avanscoperta" 19. " Nessuno ha un amore più grande..." 20. L'ultima " Via Crucis" 21. " Nell'ora della nostra morte..." 22. "Come un giorno di festa" 23. L'esaltazione di un umile 24. Un santo in tuta di lavoro 25. Un cristiano-apostolo per il nostro tempo Appendice Le preghiere che recitava Fr. Andrea Borello Altre pubblicazioni su Fr. Andrea Borello
942 _2ddc
_cBK
999 _c38042
_d38042